000 01478nam a2200253Ia 4500
999 _c43262
_d43262
001 9989
003 GE_BSU
005 20200227150833.0
008 181216s1974ge xx |||||||||||||| ||geo||
040 _cGE_BSU
041 _ageo
080 _a821.353.1–13 რ–93
100 _aრუსთაველი, შოთა.
_93634
245 _aვეფხისტყაოსანი :
_bპოემა /
_cრუსთაველი შოთა ; ტექსტი გამოსაც.მოამზადა შესავალი განმარტებანი კომენტარი და ბოლო სიტყვა დაურთო ნ.ნათაძემ ; რედ. ალ. ჭინჭარაული .
250 _aმესამე სასკოლო გამოც.
264 _aთბილისი :
_bგანათლება,
_c1974.
300 _a548 გვ.:
_c22 სმ.
653 _aვეფხისტყაოსანი
653 _aპოემა
653 _aქართული ლიტერატურა
700 _aნათაძე, ნ
_eტექსტი გამოსაცა მოამზადა შესავალი განმარტებანი კომენტარი და ბოლო სიტყვა დაურთო
_93704
700 _aჭინჭარაული, ალ
_eრედაქტორი
_97560
942 _cBK
_2udc